| 000 | 01005cam a2200277 a 4500 | ||
|---|---|---|---|
| 001 | 000010788 | ||
| 005 | 20200929162307.0 | ||
| 008 | 850131s1983 sp a b f001 0 spa | ||
| 020 | _a8427605862 | ||
| 035 | _a(DLC) 84182296 | ||
| 040 |
_aDO-SdBNP _cDLC _dDLC _dBNPHU |
||
| 082 |
_a540.112 _bN964d |
||
| 100 | 1 |
_aNúñez, Diego _qDiego Núñez de Avendaño, _d-1607. _926065 |
|
| 245 | 1 | 0 |
_aDe la alquimia al panteismo : _bmarginados españoles de los siglos XVIII Y XIX / _cDiego Núñez, José L. Peset. |
| 260 |
_aMadrid : _bNacional, _cc1983. |
||
| 300 |
_a514 p. : _bil. ; _c21 cm. |
||
| 490 | 1 |
_aBiblioteca de visionarios, heterodoxos y marginados _v21 |
|
| 504 | _aIncluye referencias bibliográficas. | ||
| 650 | 4 |
_aAlquimia _926066 |
|
| 650 | 4 |
_aMedicina mágica _926067 |
|
| 700 | 1 |
_aNúñez, Diego. _926068 |
|
| 700 | 1 |
_aPeset Reig, JoseLuis. _926069 |
|
| 830 | 0 |
_aBiblioteca de visionarios, heterodoxos y marginados ; _v21 _98623 |
|
| 910 | _aCatalogación por copia / LC | ||
| 049 | _aBNGR | ||
| 999 |
_c10540 _d10540 |
||